POLICE CRIMINOLOGY AND CRIMES (Record no. 216290)

MARC details
000 -LEADER
fixed length control field 00487nam a22001577a 4500
008 - FIXED-LENGTH DATA ELEMENTS--GENERAL INFORMATION
fixed length control field 251126b |||||||| |||| 00| 0 eng d
020 ## - INTERNATIONAL STANDARD BOOK NUMBER
International Standard Book Number 979-8-88715-373-5
100 ## - MAIN ENTRY--PERSONAL NAME
Personal name ERICKSON, PHILIP A.
245 ## - TITLE STATEMENT
Title POLICE CRIMINOLOGY AND CRIMES
260 ## - PUBLICATION, DISTRIBUTION, ETC.
Place of publication, distribution, etc. DUBLIN
Name of publisher, distributor, etc. ORYSON PRESS
Date of publication, distribution, etc. 2024
300 ## - PHYSICAL DESCRIPTION
Extent VI, 2539P.
500 ## - GENERAL NOTE
General note INCLUDES INDEX
650 ## - SUBJECT ADDED ENTRY
Topical term or geographic name entry element 1. CRIMINOLOGY 2. CRIME 3. POLICE 4.LAW ENFORCEMENT 5. CRIMINAL JUSTICE, ADMINISTRATION OF
942 ## - ADDED ENTRY ELEMENTS (KOHA)
Source of classification or shelving scheme Library of Congress Classification
Koha item type Long Loan Book
Holdings
Withdrawn status Lost status Source of classification or shelving scheme Damaged status Not for loan Collection Home library Current library Shelving location Date acquired Inventory number Total checkouts Full call number Barcode Date last seen Copy number Price effective from Koha item type
    Library of Congress Classification     Law Kisii University Library Kisii University Library On Display 11/26/2025 110155   HV 6018 .E75 2024 000000002922 11/26/2025 C.1 11/26/2025 Long Loan Book
    Library of Congress Classification     Law Kisii University Library Kisii University Library On Display 11/26/2025 110156   HV 6018 .E75 2024 000000002921 11/26/2025 C.2 11/26/2025 Long Loan Book
    Library of Congress Classification     Law Kisii University Library Kisii University Library On Display 11/26/2025 110157   HV 6018 .E75 2024 000000002849 11/26/2025 C.3 11/26/2025 Long Loan Book
    Library of Congress Classification     Law Kisii University Library Kisii University Library On Display 11/26/2025 110158   HV 6018 .E75 2024 000000002850 11/26/2025 C.4 11/26/2025 Long Loan Book